000
00278nam a22001217a 4500
008
180922b xxu||||| |||| 00| 0 eng d
041
_a
eng
080
_a
610.73
100
_a
2
101
_a
INF
245
_a
Emergency Nursing Pediatric Course
_c
Hawkins, H.S
942
_2
udc
_c
BK
999
_c
48280
_d
48280